| 000 | 00709nam a2200229 a 4500 | ||
|---|---|---|---|
| 005 | 20230419063519.0 | ||
| 008 | 030514s2005 es r 000 0 spa d | ||
| 020 | _a8431671734 | ||
| 035 | _aUPN01000124188 | ||
| 049 | _aCG | ||
| 050 | 4 |
_aG370 P9 _bY8.5 |
|
| 100 | 1 | _aYue, Hain-jun | |
| 245 | 1 | 0 |
_aMarco Polo : _bla ruta de las maravillas / _cYue Hain-jun, Juan Manuel Soldevilla. |
| 260 |
_aBarcelona, Esp. : _bVicens Vives, _c2005. |
||
| 300 |
_a66 p. : _bil. col. |
||
| 440 | 0 |
_aCucaña. _pBiografías ; _v3 |
|
| 600 | 1 | 4 |
_aPOLO, MARCO, _d1254-1324 |
| 650 | 0 |
_aViajes y travesías _911045 |
|
| 651 | 2 |
_aAsia _xDescripción y viajes _92089 |
|
| 700 | 1 |
_aSoldevilla, Juan Manuel, _ecoaut. |
|
| 905 | _aLibro | ||
| 999 |
_c96367 _d96367 |
||